Reklamácie kvalita a reklamácie

Gespeichert in:
Bibliographische Detailangaben
1. Verfasser: Dzurová, Mária
Format: Buch
Sprache:Slowakisch
Veröffentlicht: Bratislava Eurounion 1996
Schriftenreihe:Ekonomické a právne minimum podnikateľa
Schlagworte:
Tags: Tag hinzufügen
Keine Tags, Fügen Sie das erste Tag hinzu!

MARC

LEADER 00000nam a2200000 4500
001 c015482
005 20221214071710.0
020 |a 80-85568-59-4 
041 0 |a slo 
044 |a SK 
245 1 0 |a Reklamácie  |b kvalita a reklamácie  |c Mária Dzurová 
264 1 |a Bratislava  |b Eurounion  |c 1996 
300 |a 138 s. 
490 1 |a Ekonomické a právne minimum podnikateľa 
830 0 |a Ekonomické a právne minimum podnikateľa 
610 2 0 |a reklamácie 
610 2 0 |a kvalita 
610 2 0 |a kvalita výrobkov 
610 2 0 |a zákazníci 
610 2 0 |a manažment 
610 2 0 |a TQM 
100 1 |a Dzurová, Mária